Anastasia - Personnages - Statistiques

Statistiques générales
  • Ce quiz a été pris 111 fois
  • Le résultat moyen est 6 sur 10
Statistiques - réponses
Par images Réponse % Correct
Anastasia
100%
Dimitri
93%
Raspoutine
92%
Vladimir
72%
Nicolas II
70%
Sophie
61%
Pooka
53%
Bartok
42%
Alexandra
31%
Marie
16%
Aucun quiz correspondant
Distribution des résultats
% des personnes avec chaque résultat
Percentile par nombre de réponses
Votre historique - résultats
Vous n’avez pas pris ce quiz